000
00287nam a22001337a 4500
003
SGT
082
_a
370
_b
T07S
100
_a
SINGH, M.S.
245
_a
TEACHER EDUCATION IN DILEMMA
260
_a
NEW DELHI
_b
ADHYAYAN PUB
_c
2007
300
_a
148
650
_a
EDUCATION
942
_2
ddc
_c
BK
999
_c
12324
_d
12324